000 00708nam a2200277Ia 4500
005 20260324114939.0
008 008 260324s9999 xx 000 0 eng d
020 _a9781003049449
037 _aEBOOK
040 _aCRL
040 _beng
040 _cCRL
041 _2eng
041 _aeng
084 _qCRL
100 _aVenkatesan Rajinikanth; Nadaradjane Sri Madhava Raja; Nilanjan Dey
_91152775
245 2 _aA Beginner’s Guide to Multilevel Image Thresholding
260 _bTaylor and Francis
260 _c2020
365 _a
365 _b355
856 _uhttp://www.taylorfrancis.com/books/9781003049449
942 _cEBOOK
999 _c1743275
_d1743275